000 00281nam a22001337a 4500
008 170130b xxu||||| |||| 00| 0 eng d
020 _a9780803612655
041 _aeng
080 _a618.2
100 _a2
101 _aSHMI
245 _aLAB NOTES
_cHOPKINS, T.B
942 _2udc
_cBK
999 _c3953
_d3953